000 01562cam a2200133 4500500
005 20251214001511.0
041 _afre
042 _adc
100 1 0 _aBerthelot-Guiet, Karine
_eauthor
245 0 0 _aAnalyser les discours publicitaires
260 _bArmand Colin,
_c2015.
520 _aAnalyser les discours publicitaires est nécessaire, pour qui veut comprendre des productions qui circulent aujourd’hui dans les médias et la société française.Affiches, annonces de presse, spots radio et films TV, sites Internet… accompagnent la vie quotidienne contemporaine.Pourtant, comprendre comment le sens vient aux publicités est complexe : ni simple analyse de l’image, ni analyse linguistique, sociologique, historique ou économique. Les discours publicitaires ne peuvent être embrassés que par une conjonction de ces aspects pour aborder leur principe communicationnel essentiel, l’affirmation d’existence.C’est pourquoi l’ouvrage propose d’une part, des guides qui reposent sur une approche sémio-communicationnelle et, d’autre part, des analyses mettant en exergue certains discours dans des supports médiatiques très variés (annonces de presse, films diffusés à la télévision, au cinéma et sur Internet, pages dédiées à certaines marques dans les médias sociaux).Ce livre s’adresse à tous les étudiants en sciences humaines et sociales et aux professionnels du domaine.
856 4 1 _uhttps://shs.cairn.info/analyser-les-discours-publicitaires--9782200601256?lang=fr&redirect-ssocas=7080
999 _c1566217
_d1566217